Statistiques concernant One Piece: La Pire Génération en 25 secondes

Cliquez ici pour prendre le quiz!

Statistiques générales

  • Ce quiz a été pris 174 fois
  • Le résultat moyen est 9 sur 12

Statistiques - réponses

Réponse% Correct
Monkey D. Luffy
100%
Roronoa Zoro
91%
Trafalgar Law
90%
Eustass Kidd
81%
Jewerly Bonney
80%
Killer
75%
Urouge
75%
Capone Bege
74%
Basil Hawkins
73%
Scratchmen Apoo
68%
X Drake
64%
Marshall D. Teach
38%

Distribution des résultats

Percentile par nombre de réponses

% des personnes avec chaque résultat

Votre développement - résultats

Vous n’avez pas pris ce quiz